Pays ayant plusieurs capitales - Statistiques

Statistiques générales
  • Ce quiz a été pris 112 fois
  • Le résultat moyen est 14 sur 23
Statistiques - réponses
Pays Capitales % Correct
Pays-Bas Amsterdam
98%
Afrique du sud Le Cap
96%
Israël Jérusalem
94%
Chili Santiago
90%
Afrique du sud Pretoria
88%
Israël Tel Aviv
85%
Bolivie La Paz
84%
Bolivie Sucre
84%
Malaisie Kuala Lumpur
80%
Pays-Bas La Haye
75%
Cote d'Ivoire Abidjan
74%
Cote d'Ivoire Yamoussoukro
71%
Sri Lanka Colombo
59%
Afrique du sud Bloemfontein
53%
Tanzanie Dar es Salam
49%
Sri Lanka Sri Jayawardenapura Kotte
47%
Tanzanie Dodoma
44%
Bénin Porto-Novo
41%
Myanmar Naypyidaw
39%
Myanmar Rangoun
38%
Bénin Cotonou
37%
Chili Valparaíso
16%
Malaisie Putrajaya
4%
Aucun quiz correspondant
Distribution des résultats
% des personnes avec chaque résultat
Percentile par nombre de réponses
Votre historique - résultats
Vous n’avez pas pris ce quiz